[Event "St Petersburg RUS"]
[Site "?"]
[Date "2005.11.02"]
[Round "5"]
[White "Romanov Vasily"]
[Black "Golovchenko Gleb"]
[Result "0-1"]
[WhiteElo "1920"]
[BlackElo "2340"]
[PlyCount "108"]
[EventDate "2005.??.??"]
[Source "www.chesslib.no"]
[SourceDate "2004.05.04"]

1. e4 e5 2. Nf3 Nc6 3. Bb5 a6 4. Ba4 Nf6 5. O-O Be7 6. Re1 b5 7. Bb3 Bb7 8. d4 Nxd4 9. Bxf7+ Kf8 10. Bd5 c6 11. Nxe5 cxd5 12. Qxd4 dxe4 13. Qd1 Rc8 14. c3 d5 15. Ng4 d4 16. Nxf6 Bxf6 17. cxd4 Qxd4 18. Nc3 Qxd1 19. Rxd1 b4 20. Na4 Ke7 21. Be3 Bc6 22. Nb6 Rcd8 23. Bc5+ Ke6 24. Bxb4 Bxb2 25. Rab1 Bd4 26. Bd2 Bb5 27. Be3 Bxe3 28. fxe3 Rd3 29. a4 Rxd1+ 30. Rxd1 Bd3 31. Rc1 Rd8 32. Kf2 Rf8+ 33. Kg3 Kd6 34. Nc8+ Ke6 35. Nb6 Rf7 36. Rc6+ Ke5 37. Rc5+ Kd6 38. Rc1 Rb7 39. a5 Rf7 40. Nc8+ Ke6 41. Nb6 Bb5 42. Rc8 h6 43. h3 Rf1 44. Rc7 g5 45. Rh7 Re1 46. Rxh6+ Ke5 47. Rg6 Kf5 48. Rd6 Rxe3+ 49. Kf2 Ra3 50. g4+ Ke5 51. Rg6 e3+ 52. Kg2 e2 53. Kf2 Ra1 54. Rxg5+ Ke4 0-1

[Event "San Fernando (Spain)"]
[Site "?"]
[Date "2005.06.23"]
[Round "6"]
[White "Gonzalez Somoza Oliver"]
[Black "Barahona Torrijos Angel"]
[Result "1-0"]
[WhiteElo "2224"]
[BlackElo "2025"]
[PlyCount "55"]
[EventDate "2005.??.??"]
[Source "www.chesslib.no"]
[SourceDate "2004.05.04"]

1. e4 e5 2. Nf3 Nc6 3. Bb5 a6 4. Ba4 Nf6 5. O-O Be7 6. Re1 b5 7. Bb3 Bb7 8. c3 d5 9. exd5 Nxd5 10. Nxe5 Nxe5 11. Rxe5 Nf4 12. Bxf7+ Kxf7 13. Rf5+ Bf6 14. Rxf4 Qd5 15. Rf3 Rhe8 16. d4 Qh5 17. Rd3 Re2 18. d5 Rae8 19. Be3 Bh4 20. g3 Qf3 21. Nd2 Qh5 22. Kf1 Bxg3 23. Qxe2 Qxh2 24. Qf3+ Kg8 25. Qxg3 Qh1+ 26. Qg1 Qh3+ 27. Qg2 Qf5 28. Ke2 1-0

[Event "SLO Team Ch"]
[Site "Slovenia"]
[Date "1995.??.??"]
[Round "2"]
[White "Guid, Matej"]
[Black "Kovacic, Peter"]
[Result "1-0"]
[WhiteElo "2135"]
[BlackElo "2100"]
[PlyCount "89"]
[EventDate "1995.??.??"]
[Source "www.chesslib.no"]
[SourceDate "2004.05.04"]

1. e4 e5 2. Nf3 Nc6 3. Bb5 a6 4. Ba4 Nf6 5. O-O Be7 6. Re1 b5 7. Bb3 Bb7 8. c3 O-O 9. d4 d6 10. Nbd2 Nd7 11. Nf1 Na5 12. Bc2 Bf6 13. Ne3 Re8 14. Ng4 Rc8 15. Nxf6+ Qxf6 16. b3 Nc6 17. Bg5 Qg6 18. Qd2 f6 19. Bh4 Ne7 20. Bg3 Rcd8 21. a4 c6 22. dxe5 Nxe5 23. Nd4 Qf7 24. f4 c5 25. axb5 cxd4 26. bxa6 dxc3 27. Qxc3 Rc8 28. Qb2 Ba8 29. fxe5 dxe5 30. b4 Kh8 31. Bf2 Qc4 32. Bc5 Nc6 33. Qb3 Qb5 34. Bd3 Qb8 35. Rec1 Nd4 36. Bxd4 exd4 37. Rxc8 Rxc8 38. b5 Rc3 39. Qb1 Qb6 40. Qb4 Rc8 41. Qa5 Qd6 42. b6 Qf4 43. b7 Qe3+ 44. Kh1 Rc1+ 45. Bf1 1-0

[Event "Poio op 3rd"]
[Site "?"]
[Date "2003.09.06"]
[Round "7.8"]
[White "Pena Gomez Manuel"]
[Black "Recuero Guerra David"]
[Result "0-1"]
[WhiteElo "2078"]
[BlackElo "2151"]
[PlyCount "80"]
[EventDate "2003.??.??"]
[Source "www.chesslib.no"]
[SourceDate "2004.05.04"]

1. e4 e5 2. Nf3 Nc6 3. Bb5 a6 4. Ba4 Nf6 5. O-O Be7 6. Re1 b5 7. Bb3 Bb7 8. d4 Nxd4 9. Bxf7+ Kf8 10. Bd5 c6 11. Bb3 Nxb3 12. axb3 Qc7 13. Nh4 Kf7 14. Nf5 Rhe8 15. Qf3 d5 16. Nc3 b4 17. Na4 Bf8 18. Bg5 Re6 19. Be3 Kg8 20. exd5 cxd5 21. Qg3 Ne4 22. Qh3 Rg6 23. f3 Nd6 24. Nh4 Rf6 25. Bb6 Qxc2 26. Rac1 Qxb3 27. Nc5 Qxb2 28. Nd7 Rh6 29. Be3 Rxh4 30. Qxh4 d4 31. Qg4 dxe3 32. Qe6+ Nf7 33. Rb1 Qf2+ 34. Kh1 Bc8 35. Qc6 Bxd7 36. Qxa8 Bf5 37. Rbc1 b3 38. Rf1 b2 39. Rce1 Qd2 40. Qa7 e2 0-1

[Event "NOR-chT"]
[Site "NOR"]
[Date "1990.??.??"]
[Round "?"]
[White "Jeger, F."]
[Black "Jansson, Joran"]
[Result "0-1"]
[WhiteElo "2000"]
[BlackElo "2170"]
[PlyCount "84"]
[EventDate "1990.??.??"]
[Source "ChessBase"]

1. e4 e5 2. Nf3 Nc6 3. Bb5 a6 4. Ba4 Nf6 5. O-O Be7 6. Re1 b5 7. Bb3 Bb7 8. d4 Nxd4 9. Bxf7+ Kxf7 10. Nxe5+ Ke6 11. Qxd4 c5 12. Qc3 Nxe4 13. Ng4 h5 14. Nd2 hxg4 15. Nxe4 Kf7 16. Nxc5 Bc6 17. Bf4 Rh5 18. Nd3 Bf6 19. Ne5+ Bxe5 20. Bxe5 Bd5 21. Rad1 Be6 22. Rd4 Rc8 23. Qd2 Rc5 24. Bg3 Qf6 25. Rf4 Rhf5 26. Rxf5 Qxf5 27. c3 Bxa2 28. Qd6 Be6 29. Qf4 a5 30. Qxf5+ Bxf5 31. Bd6 Rd5 32. Be5 Rd2 33. b4 a4 34. f3 gxf3 35. gxf3 d6 36. Bd4 a3 37. Ra1 a2 38. h4 Rb2 39. c4 Rd2 40. cxb5 Rxd4 41. Rxa2 Rxb4 42. Rd2 Ke6 0-1

[Event "San Fernando (Spain)"]
[Site "?"]
[Date "2005.06.20"]
[Round "3"]
[White "Gomez Gonzalez Javier"]
[Black "Barahona Torrijos Angel"]
[Result "0-1"]
[WhiteElo "2137"]
[BlackElo "2025"]
[PlyCount "92"]
[EventDate "2005.??.??"]
[Source "www.chesslib.no"]
[SourceDate "2004.05.04"]

1. e4 e5 2. Nf3 Nc6 3. Bb5 a6 4. Ba4 Nf6 5. O-O Be7 6. Re1 b5 7. Bb3 Bb7 8. c3 d5 9. exd5 Nxd5 10. d4 exd4 11. Bg5 O-O 12. Bxe7 Ncxe7 13. Qxd4 Ng6 14. Nbd2 Ndf4 15. Qxd8 Raxd8 16. Re3 Nxg2 17. Kxg2 Rxd2 18. Kg3 Rxb2 19. Ng5 h6 20. Nxf7 Kh7 21. Be6 Nh8 22. Nd8 Rxd8 23. Bf5+ Kg8 24. Rae1 g6 25. Bh3 Nf7 26. Bf1 Nd6 27. Bd3 Rf8 28. f3 Nf5+ 29. Bxf5 gxf5 30. Kf4 Rxh2 31. Rg1+ Kf7 32. Kxf5 Rh3 33. Kf4 Rh4+ 34. Rg4 Rxg4+ 35. Kxg4 Kf6 36. Rd3 Rg8+ 37. Kf4 h5 38. Rd1 h4 39. Rc1 Rg3 40. c4 Rxf3+ 41. Kg4 Rf2 42. cxb5 Bc8+ 43. Kxh4 axb5 44. Rxc7 Be6 45. a3 Rf3 46. Ra7 Rh3# 0-1

[Event "Corr"]
[Site "?"]
[Date "2000.10.01"]
[Round "?"]
[White "Pijl Richard"]
[Black "Fredriksen Arild"]
[Result "1/2-1/2"]
[WhiteElo "2019"]
[BlackElo "2125"]
[PlyCount "53"]
[EventDate "2000.??.??"]
[Source "www.chesslib.no"]
[SourceDate "2004.05.04"]

1. e4 e5 2. Nf3 Nc6 3. Bb5 a6 4. Ba4 Nf6 5. O-O Be7 6. Re1 b5 7. Bb3 Bb7 8. d4 Nxd4 9. Bxf7+ Kf8 10. Bd5 c6 11. Bb3 Nxb3 12. axb3 Qc7 13. Nbd2 c5 14. c4 Kf7 15. Nf1 Rhf8 16. Ng3 Kg8 17. Nf5 d6 18. Qd3 b4 19. Bg5 Rad8 20. N3h4 Rf7 21. Nxe7+ Qxe7 22. Nf5 Qc7 23. f3 h6 24. Bh4 Rdd7 25. Red1 Nh5 26. Qd2 Nf4 27. Bg3 1/2-1/2

[Event "ESP-chT U16"]
[Site "?"]
[Date "2001.06.??"]
[Round "6"]
[White "Vega Gutierrez Belinda Vidina"]
[Black "Pita Romero Rodriguez Rafael"]
[Result "0-1"]
[WhiteElo "2053"]
[BlackElo "2042"]
[PlyCount "86"]
[EventDate "2001.??.??"]
[Source "www.chesslib.no"]
[SourceDate "2004.05.04"]

1. e4 e5 2. Nf3 Nc6 3. Bb5 a6 4. Ba4 Nf6 5. O-O Be7 6. Re1 b5 7. Bb3 Bb7 8. c3 d5 9. exd5 Nxd5 10. Nxe5 Nxe5 11. Rxe5 Nf4 12. d4 Nxg2 13. Qg4 O-O 14. Bh6 Bf6 15. Nd2 Nh4 16. Bg5 Ng6 17. Bxf6 Qxf6 18. Ne4 Qc6 19. d5 Nxe5 20. dxc6 Nxg4 21. cxb7 Rab8 22. Nc5 Ne5 23. a4 Rfd8 24. axb5 axb5 25. Rd1 Rxd1+ 26. Bxd1 c6 27. f4 Nc4 28. Bg4 Nd6 29. Bd7 Nxb7 30. Nxb7 Rxb7 31. Bxc6 Ra7 32. Bxb5 Ra2 33. b3 Kf8 34. c4 Ke7 35. Ba4 h6 36. c5 Rc2 37. c6 f6 38. h3 Kd6 39. Kh1 Rf2 40. Kg1 Rxf4 41. Kg2 g5 42. Kg3 f5 43. Kg2 Rxa4 0-1

[Event "Corr"]
[Site "?"]
[Date "2003.01.20"]
[Round "?"]
[White "Francisco Raul R"]
[Black "Cehajic Mustafa"]
[Result "1/2-1/2"]
[WhiteElo "1958"]
[BlackElo "2112"]
[PlyCount "88"]
[EventDate "2003.??.??"]
[Source "www.chesslib.no"]
[SourceDate "2004.05.04"]

1. e4 e5 2. Nf3 Nc6 3. Bb5 a6 4. Ba4 Nf6 5. O-O Be7 6. Re1 b5 7. Bb3 Bb7 8. d4 Na5 9. Nxe5 Nxb3 10. axb3 Nxe4 11. Qg4 O-O 12. Bh6 Ng5 13. Bxg5 Bxg5 14. Qxd7 Bf4 15. g3 Bxe5 16. Qxd8 Raxd8 17. dxe5 Rd4 18. Nc3 Rd2 19. Rac1 Rfd8 20. Ne4 Bxe4 21. Rxe4 Kf8 22. b4 Rd1+ 23. Re1 R1d4 24. c3 Rd2 25. Ra1 Rxb2 26. Rxa6 Rdd2 27. Rf1 Ke7 28. Ra7 Kd7 29. Ra8 Rbc2 30. Rh8 g6 31. Rxh7 Ke6 32. f4 Rxc3 33. f5+ gxf5 34. Rh6+ Kd5 35. Rxf5 Rc1+ 36. Rf1 Rxf1+ 37. Kxf1 Rd4 38. Rh4 Rxh4 39. gxh4 Kxe5 40. Kg2 c5 41. bxc5 b4 42. h5 b3 43. h6 Kf6 44. c6 b2 1/2-1/2

[Event "Vancouver CAN"]
[Site "?"]
[Date "2006.05.21"]
[Round "4"]
[White "Jiang Louie"]
[Black "Hughey Micah"]
[Result "0-1"]
[WhiteElo "1980"]
[BlackElo "2060"]
[PlyCount "60"]
[EventDate "2006.??.??"]
[Source "www.chesslib.no"]
[SourceDate "2004.05.04"]

1. e4 e5 2. Nf3 Nc6 3. Bb5 a6 4. Ba4 Nf6 5. O-O Be7 6. Re1 b5 7. Bb3 Bb7 8. c3 d5 9. exd5 Nxd5 10. Nxe5 Nxe5 11. Rxe5 Nf4 12. Bxf7+ Kxf7 13. Rf5+ Bf6 14. Rxf4 Qd3 15. b3 Rhe8 16. Bb2 Re2 17. c4 Rae8 18. Nc3 Re1+ 19. Qxe1 Rxe1+ 20. Rxe1 Qxd2 21. Rxf6+ gxf6 22. Re2 Qg5 23. g3 bxc4 24. bxc4 Qg4 25. Rd2 Qxc4 26. Rd7+ Ke6 27. Rd2 a5 28. Ne2 Qe4 29. Nf4+ Kf7 30. Kf1 Ba6+ 0-1

[Event "Grieskirchen (09.11.-21.11)"]
[Site "?"]
[Date "1998.11.15"]
[Round "6"]
[White "Ihde Bernhard"]
[Black "Tavcar Rado"]
[Result "0-1"]
[WhiteElo "1770"]
[BlackElo "2069"]
[PlyCount "72"]
[EventDate "1998.??.??"]
[Source "www.chesslib.no"]
[SourceDate "2004.05.04"]

1. e4 e5 2. Nf3 Nc6 3. Bb5 a6 4. Ba4 Nf6 5. O-O Be7 6. Re1 b5 7. Bb3 Bb7 8. c3 d5 9. exd5 Nxd5 10. d4 exd4 11. Nxd4 Nxd4 12. Qxd4 O-O 13. Nd2 c5 14. Qg4 Nf6 15. Qh3 Qc7 16. Bc2 Rfe8 17. Ne4 Nxe4 18. Bxe4 Bxe4 19. Rxe4 Bf6 20. Rxe8+ Rxe8 21. Be3 b4 22. Rc1 bxc3 23. bxc3 Qa5 24. Qf5 Qxa2 25. Qxc5 a5 26. g3 a4 27. Bd4 Qb2 28. Rd1 a3 29. c4 Qc2 30. Ra1 a2 31. Bxf6 gxf6 32. Qb5 Re2 33. Qa6 Qb1+ 34. Kg2 Qe4+ 35. Kh3 Qf5+ 36. Kh4 h5 0-1

[Event "FRA-chT U20 0203"]
[Site "?"]
[Date "2003.05.03"]
[Round "10.10"]
[White "Joudelat David"]
[Black "Schaeffer Francois"]
[Result "1-0"]
[WhiteElo "1260"]
[BlackElo "1410"]
[PlyCount "70"]
[EventDate "2003.??.??"]
[Source "www.chesslib.no"]
[SourceDate "2004.05.04"]

1. e4 e5 2. Nf3 Nc6 3. Bb5 a6 4. Ba4 Nf6 5. O-O Be7 6. Re1 b5 7. Bb3 Bb7 8. c3 O-O 9. d4 Re8 10. Nbd2 d6 11. Nf1 Bc8 12. Ng3 Bg4 13. Be3 Qb8 14. h3 Bh5 15. Nxh5 Nxh5 16. Nxe5 dxe5 17. Qxh5 Rf8 18. dxe5 Qb7 19. e6 Nd8 20. exf7+ Nxf7 21. Qg4 Kh8 22. Bd4 Bf6 23. Bxf6 gxf6 24. Re3 Ne5 25. Qh5 Ng6 26. Rg3 Nf4 27. Qg4 Ng6 28. h4 c6 29. f4 Rfe8 30. h5 Qb6+ 31. Kh1 Qb7 32. hxg6 hxg6 33. Qxg6 Re7 34. Kg1 Qb6+ 35. Kf1 Qb7 1-0